01300nam a2200229 a 4500001001000000003000400010005001700014008004100031020001800072040001300090041000800103043001200111100002600123245006600149250001000215260004700225300002100272490004200293500004300335520065800378650003401036000085819OSt20230310174737.0170906s2014 ck ||||er|||||000|j|spa|d a9789584242082 cCO-MqBPB0 aspa as-ck---1 aMendoza, Mariod1964-10aParanormal Colombia :b(al filo de lo real) /cMario Mendoza. aa. ed aBogotá D.C. :bEditorial Planeta,c2014. a[304] páginas. 0aAutores españoles e iberoamericanos aContiene datos biográficos del autor3 aTras un notable éxito en la no ficción con La importancia de morir a tiempo y La locura de nuestro tiempo, Mario Mendoza retoma la idea de reunir historias improbables, aunque ahora más alejadas de los cuadros clínicos. Diez historias colombianas sobre el vidente que salvó al mejor amigo de un presidente, pero que después se quedó solo; sobre el preso travestido que habla con extraterrestres; sobre la mujer que fue poseída por el espíritu de Manuelita Sáenz y vio a Simón Bolívar a los ojos. Con Paranormal Colombia, Mario Mendoza se reafirma como el intermediario entre sus lectores y lo más extraño de nuestra sociedad.14aCuentos colombianosySiglo XX